Antígona furiosa /
Guardado en:
| Autor Principal: | |
|---|---|
| Formato: | Libro |
| Publicado: |
Buenos Aires :
de la Flor,
2004
|
| Materias: | |
| Etiquetas: |
Agregar Etiqueta
Sin Etiquetas, Sea el primero en etiquetar este registro!
|
| LEADER | 00579nam a22002175a 4500 | ||
|---|---|---|---|
| 001 | CEM.cems014731 | ||
| 008 | 130507s2004##################000#0#####d | ||
| 005 | 20210805161903.0 | ||
| 003 | CEMS | ||
| 245 | 1 | 0 | |a Antígona furiosa / |c Griselda Gambaro |
| 260 | |a Buenos Aires : |b de la Flor, |c 2004 | ||
| 300 | |a 11 p. | ||
| 500 | |a En Teatro 3. | ||
| 590 | |a 1318.016 | ||
| 020 | |a 9789505154081 | ||
| 100 | 1 | |a Gambaro, Griselda | |
| 653 | |a Literatura | ||
| 653 | |a Literatura argentina | ||
| 653 | |a Teatro | ||
| 653 | |a Biblioteca TC | ||
| 859 | |a CEMS |b BIB. CEMS - 11 de abril |h TC |p 1318.016 |t Ej.1 | ||
